000 00409nam a2200169Ia 4500
008 230524s9999 xx 000 0 und d
020 _a97811316635643
082 _bKAN
100 _aT.R. Kansakar
_942577
245 2 _aA course in English Phonetics
250 _a1
260 _aNoida
_bOrient Black Swan
_c2015
300 _a161p;
500 _aQuantity Number: 1
650 _aEnglish
942 _cBK
999 _c57536
_d57536